| 000 | 00713nam a2200253Ia 4500 | ||
|---|---|---|---|
| 003 | OSt | ||
| 005 | 20220924114736.0 | ||
| 006 | a|||||r|||| 00| 0 | ||
| 007 | ta | ||
| 008 | 220923b |||||||| |||| 00| 0 ara d | ||
| 024 | _a345317 | ||
| 037 | _cTextual | ||
| 040 |
_aARTS _cARTS _bara |
||
| 041 |
_2ara _aara |
||
| 082 | _aZ(Q7),9593, 28L3 | ||
| 100 |
_aAl-Arabi Mohammad Abdullah Au. _9175122 |
||
| 245 | 0 | _aNizam-al-hukm fi-al-islam | |
| 260 |
_aCairo _bDar-al-fikr Egypt _c1973 |
||
| 300 |
_a110p. _ccm. |
||
| 650 |
_a LAW _97240 |
||
| 650 |
_aARABIC LANGUAGE _931794 |
||
| 942 |
_hZ(Q7),9593, 28L3 _cTEXL _2CC |
||
| 999 |
_c395057 _d395057 |
||